Lão goriot
Đã lưu trong:
| Tác giả chính: | |
|---|---|
| Tác giả khác: | |
| Định dạng: | Sách |
| Ngôn ngữ: | Vietnamese |
| Được phát hành: |
H.
Nxb Hội nhà văn
2007
|
| Phiên bản: | Tái bản |
| Những chủ đề: | |
| Các nhãn: |
Thêm thẻ
Không có thẻ, Là người đầu tiên thẻ bản ghi này!
|
| Thư viện lưu trữ: | Mạng thư viện Đại học Đà Nẵng |
|---|
| LEADER | 01057nam a2200337 4500 | ||
|---|---|---|---|
| 001 | 000005102 | ||
| 003 | 1245 | ||
| 005 | 20120507150536.0 | ||
| 008 | 110809s2007 viesd | ||
| 020 | |c 45000đ | ||
| 041 | 0 | |a vie | |
| 082 | |a 843 |b BA-H | ||
| 100 | 0 | |a Balzac Honeré de |e Tác giả | |
| 245 | 0 | |a Lão goriot |c Balzac Honeré de tác giả; Xuân Dương dịch | |
| 250 | |a Tái bản | ||
| 260 | |a H. |b Nxb Hội nhà văn |c 2007 | ||
| 300 | |a 387 |c 19cm | ||
| 653 | |a Văn học Pháp | ||
| 653 | |a Tiểu thuyết | ||
| 700 | |a Xuân Dương |e Dịch | ||
| 910 | |a Ngô Văn Đường | ||
| OWN | |a LSP | ||
| AVA | |a UDN50 |b LSP |d 843 BA-H |e available |t Error 5001 Not defined in file expand_doc_bib_avail. |f 10 |g 0 |h N |i 0 |k 1 | ||
| 999 | |a From the UDN01 | ||
| AVA | |a UDN50 |b LSP |d 843 BA-H |e available |t Error 5001 Not defined in file expand_doc_bib_avail. |f 10 |g 0 |h N |i 0 |k 1 | ||
| TYP | |a Monograph | ||
| TYP | |a Printed language | ||
| 980 | |a Mạng thư viện Đại học Đà Nẵng | ||